00422nam a2200121Ia 4500008004100000245010800041260004500149260000900194300000900203500001200212650001300224856006300237170516s9999 xx 000 0 und d aApplication of hot melt extrusion to enhance the dissolution and oral bioavailability of oleanolic acid bAsian Journal of Pharmaceutical Sciences c2017 a12:1 aJanuary xPharmacy uhttp://www.sciencedirect.com/science/journal/18180876/12/1